00311nam a2200097Ia 4500008004100000245008100041245002300122260000900145650001100154856004800165171211s9999 xx 000 0 und d aEcology and Wonder: in the Canadian Rocky Mountain Parks World Heritage Site cRobert W. Sandford c2010 xTRAVEL uhttp://down.ebook777.com/059/1897425570.pdf